000
00265nam a22001217a 4500
003
SGT
082
_a
574.192
_b
HAM
100
_a
HAMES, DAVID
245
_a
BIO INSTANT NOTES BIOCHEMISTRY
260
_b
GS GARLAND SCIENCE
_c
2015
300
_a
474
942
_2
ddc
_c
BK
_0
12
999
_c
13708
_d
13708